|
|
|
|
| LEADER |
01052nab a2200229 i 4500 |
| 001 |
misc64365 |
| 005 |
20231026134114.0 |
| 008 |
230713s1956 hu o 0|| hun d |
| 040 |
|
|
|a SZTE Miscellanea Repozitórium
|b hun
|
| 041 |
|
|
|a hun
|
| 100 |
1 |
|
|a Rásonyi László
|
| 245 |
1 |
4 |
|a Mit mondanak Szolnok megye földrajzi nevei?
|h [elektronikus dokumentum] /
|c Rásonyi László
|
| 260 |
|
|
|a Társadalom- és Természettudományi Ismeretterjesztő Társulat Szolnak megyei szervezete
|b Szolnok
|c 1956
|
| 300 |
|
|
|a 75-80
|c 24 cm
|
| 300 |
|
|
|a [6] p.
|c 24 cm
|
| 490 |
0 |
|
|a Jászkunság : a Társadalom- és Természettudományi Ismeretterjesztő Társulat Szolnok Megyei Szervezetének közlönye
|
| 561 |
|
|
|a Németh Gyula hagyaték
|
| 591 |
|
|
|a NOA 4806
|
| 650 |
|
4 |
|a Bölcsészettudományok
|
| 650 |
|
4 |
|a Nyelvek és irodalom
|
| 695 |
|
|
|a Földrajzi nevek - magyar - Jász-Nagykun-Szolnok megye, Magyar nyelv - helynév - Jász-Nagykun-Szolnok megye
|
| 856 |
4 |
0 |
|u http://misc.bibl.u-szeged.hu/64365/1/4806_noa_02.pdf
|z Dokumentum-elérés
|